00504 a2200109 4500001001000000005001700010008004100027245018800068100002900256773009200285999001700377ART_4507020260410162038.0260409a 10aLos cambios en el proceso de producción de algodón en el Chaco en las últimas décadas y sus consecuencias en las condiciones de vida de minifundistas y trabajadores vinculados1 aGarcía, Inés Liliana0 tRevista de estudios regionales y mercado de trabajog- N° 3 (ene./dic. 2007)wREV44894 c34643d34643